|
|
|
|
| LEADER |
02293nam a2200601 4500 |
| 001 |
ocn991854380 |
| 003 |
OCoLC |
| 005 |
20180501122036.0 |
| 006 |
m o d |
| 007 |
cr cnu|||unuuu |
| 008 |
170627s2017 mau ob 001 0 eng d |
| 040 |
|
|
|a N$T
|b eng
|e rda
|e pn
|c N$T
|d N$T
|d OPELS
|d IDEBK
|d YDX
|d OCLCF
|d OCLCQ
|d UPM
|d OHS
|d OCLCO
|d D6H
|d GrThAP
|
| 019 |
|
|
|a 992307016
|
| 020 |
|
|
|a 9780128118283
|q (electronic bk.)
|
| 020 |
|
|
|a 0128118288
|q (electronic bk.)
|
| 020 |
|
|
|a 9780128118276
|
| 020 |
|
|
|a 012811827X
|
| 035 |
|
|
|a (OCoLC)991854380
|z (OCoLC)992307016
|
| 050 |
|
4 |
|a GV706.4
|
| 072 |
|
7 |
|a GAM
|x 004050
|2 bisacsh
|
| 072 |
|
7 |
|a SPO
|x 068000
|2 bisacsh
|
| 072 |
|
7 |
|a SPO
|x 012000
|2 bisacsh
|
| 072 |
|
7 |
|a SPO
|x 019000
|2 bisacsh
|
| 072 |
|
7 |
|a SPO
|x 033000
|2 bisacsh
|
| 072 |
|
7 |
|a TRV
|x 026080
|2 bisacsh
|
| 082 |
0 |
4 |
|a 796.01
|2 23
|
| 049 |
|
|
|a TEFA
|
| 245 |
0 |
0 |
|a Sport and the brain :
|b the science of preparing, enduring and winning.
|n Part A /
|c edited by Vincent Walsh, Mark Wilson, Beth Parkin.
|
| 250 |
|
|
|a First edition.
|
| 264 |
|
1 |
|a Cambridge, MA :
|b Academic Press,
|c 2017.
|
| 300 |
|
|
|a 1 online resource.
|
| 336 |
|
|
|a text
|b txt
|2 rdacontent
|
| 337 |
|
|
|a computer
|b c
|2 rdamedia
|
| 338 |
|
|
|a online resource
|b cr
|2 rdacarrier
|
| 490 |
1 |
|
|a Progress in brain research ;
|v volume 232
|
| 588 |
0 |
|
|a Vendor-supplied metadata.
|
| 504 |
|
|
|a Includes bibliographical references and index.
|
| 650 |
|
0 |
|a Sports
|x Psychological aspects.
|
| 650 |
|
2 |
|a Psychology, Sports.
|0 (DNLM)D000067450
|
| 650 |
|
7 |
|a GAMES / Gambling / Sports
|2 bisacsh
|
| 650 |
|
7 |
|a SPORTS & RECREATION / Business Aspects
|2 bisacsh
|
| 650 |
|
7 |
|a SPORTS & RECREATION / Essays
|2 bisacsh
|
| 650 |
|
7 |
|a SPORTS & RECREATION / History
|2 bisacsh
|
| 650 |
|
7 |
|a SPORTS & RECREATION / Reference
|2 bisacsh
|
| 650 |
|
7 |
|a TRAVEL / Special Interest / Sports
|2 bisacsh
|
| 650 |
|
7 |
|a Sports
|x Psychological aspects.
|2 fast
|0 (OCoLC)fst01130495
|
| 655 |
|
4 |
|a Electronic books.
|
| 700 |
1 |
|
|a Walsh, Vincent,
|e editor.
|
| 700 |
1 |
|
|a Wilson, Mark,
|e editor.
|
| 700 |
1 |
|
|a Parkin, Beth,
|e editor.
|
| 776 |
0 |
8 |
|c Original
|z 012811827X
|z 9780128118276
|w (OCoLC)964378570
|
| 830 |
|
0 |
|a Progress in brain research ;
|v volume 232.
|
| 856 |
4 |
0 |
|u https://www.sciencedirect.com/science/bookseries/00796123/232
|z Full Text via HEAL-Link
|